Výkonnosť a efektívnosť nemocníc vo vybranej krajine

Príspevok sa venuje výkonnosti a efektívnosti austrálskych súkromných nemocníc, ktoré predstavujú zhruba 45 % z celkového počtu nemocníc v Austrálii. Najväčšie zastúpenie v skupine súkromných nemocníc majú ziskovo orientované nemocnice. Cieľom príspevku je poukázať na výkonnosť a efektívnosť súkromn...

ver descrição completa

Na minha lista:
Detalhes bibliográficos
Autor principal: Krigovská, Andrea, 1988-
Formato: Capítulo de Livro
Idioma:eslovaco
Assuntos:
Tags: Adicionar Tag
Sem tags, seja o primeiro a adicionar uma tag!

MARC

LEADER 00000nla a2200000 4500
001 0211255
005 20240502073524.9
041 0 |a slo 
044 |a SK 
245 1 0 |a Výkonnosť a efektívnosť nemocníc vo vybranej krajine  |c Andrea Krigovská 
520 |a Príspevok sa venuje výkonnosti a efektívnosti austrálskych súkromných nemocníc, ktoré predstavujú zhruba 45 % z celkového počtu nemocníc v Austrálii. Najväčšie zastúpenie v skupine súkromných nemocníc majú ziskovo orientované nemocnice. Cieľom príspevku je poukázať na výkonnosť a efektívnosť súkromných nemocníc v Austrálii prostredníctvom merania a hodnotenia výkonnosti a efektívnosti. V príspevku sa skúma 12 vybraných štúdií efektívnosti nemocníc uskutočnených v Austrálii od roku 1998 do roku 2010. Príspevok taktiež upriamuje pozornosť na možnosti a metódy merania výkonnosti a efektívnosti nemocníc v Austrálii a ich nedostatky. 
610 2 0 |a nemocnice 
610 2 0 |a sektor súkromný 
610 2 0 |a Austrália 
610 2 0 |a výkonnosť 
610 2 0 |a efektívnosť 
100 1 |a Krigovská, Andrea, 1988-